000 00263nam a2200109Ia 4500
005 20251222114352.0
008 251222s1900||||xx |||||||||||||| ||spa||
082 _aDVD0080/B81/1989
245 0 _aEnrique V
264 _bBritish Broadcasting Corporation
942 _cDVD
999 _c1264
_d1264